How the Holocaust looks now : international perspectives /
| Other Authors: | , |
|---|---|
| Format: | Book |
| Language: | English |
| Published: |
Basingstoke [England] ; New York :
Palgrave Macmillan,
2007.
|
| Subjects: | |
| Online Access: | Contributor biographical information Publisher description Table of contents only |
MARC
| Tag | First Indicator | Second Indicator | Subfields |
|---|---|---|---|
| LEADER | 00000cam a22000004a 4500 | ||
| 001 | in00002203821 | ||
| 005 | 20151104123446.0 | ||
| 008 | 060414s2007 enka b 001 0 eng | ||
| 010 | |a 2006045215 | ||
| 020 | |a 0230001475 (cloth) | ||
| 020 | |a 9780230001473 (cloth) | ||
| 029 | 1 | |a YDXCP |b 100445055 | |
| 035 | |a (OCoLC)ocm67361689 | ||
| 035 | |a (OCoLC)67361689 | ||
| 040 | |a DLC |c DLC |d BAKER |d BWKUK |d YDXCP |d UtOrBLW | ||
| 042 | |a pcc | ||
| 049 | |a TXAM | ||
| 050 | 0 | 0 | |a D804.3 |b H698 2007 |
| 082 | 0 | 0 | |a 940.53/18 |2 22 |
| 245 | 0 | 0 | |a How the Holocaust looks now : |b international perspectives / |c edited by Martin L. Davies and Claus-Christian W. Szejnmann. |
| 264 | 1 | |a Basingstoke [England] ; |a New York : |b Palgrave Macmillan, |c 2007. | |
| 300 | |a xxxix, 282 pages : |b illustrations ; |c 22 cm. | ||
| 336 | |a text |b txt |2 rdacontent | ||
| 337 | |a unmediated |b n |2 rdamedia | ||
| 338 | |a volume |b nc |2 rdacarrier | ||
| 504 | |a Includes bibliographical references and index. | ||
| 650 | 0 | |a Holocaust, Jewish (1939-1945) |x Influence. | |
| 650 | 0 | |a Memory |x Social aspects. | |
| 650 | 0 | |a Holocaust memorials |x Social aspects. | |
| 650 | 0 | |a Holocaust, Jewish (1939-1945), in art. | |
| 650 | 0 | |a Holocaust, Jewish (1939-1945), in literature. | |
| 700 | 1 | |a Davies, Martin L. | |
| 700 | 1 | |a Szejnmann, Claus-Christian W., |d 1965- | |
| 856 | 4 | 2 | |3 Contributor biographical information |u http://www.loc.gov/catdir/enhancements/fy0643/2006045215-b.html |t 0 |
| 856 | 4 | 2 | |3 Publisher description |u http://www.loc.gov/catdir/enhancements/fy0643/2006045215-d.html |t 0 |
| 856 | 4 | 1 | |3 Table of contents only |u http://www.loc.gov/catdir/enhancements/fy0643/2006045215-t.html |t 0 |
| 938 | |a Baker & Taylor |b BKTY |c 74.95 |d 74.95 |i 0230001475 |n 0006801542 |s active | ||
| 938 | |a YBP Library Services |b YANK |n 100445055 | ||
| 945 | |a PromptCat |b 43957 | ||
| 946 | |a stk | ||
| 947 | |a A14835505993 | ||
| 948 | |a cataloged |b h |c 2007/2/1 |d c |e achopde |f 3:42:11 pm | ||
| 994 | |a 92 |b TXA | ||
| 999 | |a MARS | ||
| 999 | f | f | |s 3f24cac5-1322-3f37-b41f-865d3037bf31 |i bf4cfbba-dd7c-3dd6-b735-3962b7f6bdd4 |t 0 |
| 952 | f | f | |p normal |a Texas A&M University |b College Station |c Sterling C. Evans Library |d Evans: Library Stacks |t 0 |e D804.3 H698 2007 |h Library of Congress classification |i unmediated -- volume |m A14835505993 |
| 998 | f | f | |a D804.3 H698 2007 |t 0 |l Evans: Library Stacks |